| 000 | 00465nam a2200193Ia 4500 | ||
|---|---|---|---|
| 003 | IT-RoPAU | ||
| 008 | 120407s9999 xx 000 0 und d | ||
| 040 | _aIT-RoPAU | ||
| 040 | _cIT-RoPAU | ||
| 041 | _aeng | ||
| 245 | _aPeace and Disarmament. Documents Wold Council of Churches. 2a ed. | ||
| 250 | _aVaticano | ||
| 260 | _c1982 | ||
| 300 | _c21 cm | ||
| 490 | _v1 | ||
| 710 | _aPontificia Commissione “Justitia et Pax” | ||
| 942 | _cBK | ||
| 999 |
_c21149 _d21149 |
||